LEADER 01669nam2 22003373i 450 001 SBL0152055 005 20251003044350.0 020 $aIT$b7811189 100 $a20110119d1977 ||||0itac50 ba 101 | $aita 102 $ait 181 1$6z01$ai $bxxxe 182 1$6z01$an 183 1$6z01$anc$2RDAcarrier 200 1 $aˆ12.1: Le ‰successioni$eparte generale$fGiuseppe Grosso e Alberto Burdese 210 $aTorino$cUTET$dc1977 215 $aXIX, 574 p.$d25 cm. 461 1$1001CFI0012510$12001 $aTrattato di diritto civile italiano$fredatto da diversi giureconsulti sotto la direzione di Filippo Vassalli$g\poi! fondato da Filippo Vassalli$v12.1 676 $a346$9DIRITTO PRIVATO$v21 676 $a346.052$9EREDITA'E SUCCESSIONE$v21 676 $a346.45052$9EREDITA, SUCCESSIONE, AMMINISTRAZIONE FIDUCIARIA, FEDECOMMESSI. ITALIA$v21 700 1$aGrosso$b, Giuseppe$f <1906-1973>$3RAVV044736$4070$03354 701 1$aBurdese$b, Alberto$3CFIV029659$4070$0211336 801 3$aIT$bIT-000000$c20110119 850 $aIT-BN0095 $aIT-SA0045 $aIT-NA0079 901 $bNAP BN$cS.MOD $nLa consegna dei documenti è effettuata dall'Ufficio Distribuzione 912 $aSBL0152055 950 2$aBiblioteca Centralizzata di Ateneo$cv. 2.2; 3.1; 3.1.1; 3.1.2; 4.1; 4.3; 4.5; 5.1.1; 5.1.2; 6.3; 7.1; 7.2; 7.2.2; 7.3; 8.2.2; 8.3; 8.3.4; 9.2.1; 9.3.2; 10.1.1; 10.3; 11.1; 11.3; 12.1; 12.4; 12.5; 14.4; 15.1.2$d 01TRA 45 TRADDC$e 01 0000142075 VMA (00012.1 v. 12.1$fB $h20250625$i20250625 977 $a 01$a BM$a BN 996 $aSuccessioni$9680623 997 $aUNISANNIO